[Event "V Open"]
[Site "Crema ITA"]
[Date "2003.09.06"]
[Round "3"]
[White "Tomba, Patrizia"]
[Black "Scarpellini, Felice"]
[Result "1/2-1/2"]
[WhiteElo "1492"]
[BlackElo "1633"]
[PlyCount "53"]
[EventDate "2003.09.05"]

1. e4 d6 2. d4 g6 3. Nf3 Bg7 4. Nc3 Bg4 5. Be2 c6 6. Be3 Nf6 7. Qd2 O-O 8. Bh6
b5 9. Bxg7 Kxg7 10. h3 Bxf3 11. Bxf3 Nbd7 12. O-O e5 13. Rad1 Qb6 14. b4 a5 15.
a3 axb4 16. axb4 Ra3 17. Nb1 Ra1 18. Nc3 Rxd1 19. Rxd1 Rd8 20. Ne2 exd4 21.
Nxd4 Ne5 22. Qf4 Ned7 23. Be2 Nf8 24. Qg3 Kh8 25. Qh4 Kg7 26. Qg3 Kh8 27. Qh4
1/2-1/2

[Event "V Open"]
[Site "Crema ITA"]
[Date "2003.09.06"]
[Round "4"]
[White "Agnelli, Francesco"]
[Black "Brunelli, Giovanni"]
[Result "1-0"]
[WhiteElo "2102"]
[BlackElo "1642"]
[PlyCount "62"]
[EventDate "2003.09.05"]

1. e4 c5 2. Nf3 d6 3. d4 cxd4 4. Nxd4 Nf6 5. Nc3 a6 6. Be3 Nc6 7. Qd2 e6 8. f3
Be7 9. g4 Nd7 10. O-O-O Nde5 11. Qg2 O-O 12. h4 Nxd4 13. Bxd4 Nc6 14. Be3 Qa5
15. g5 b5 16. Kb1 b4 17. Ne2 e5 18. Rd5 Qc7 19. h5 Be6 20. g6 Bxd5 21. exd5 Na5
22. Ng3 Nc4 23. Nf5 Bf6 24. Bg5 Qd8 25. Bc1 Rc8 26. Bd3 Kh8 27. h6 Na3+ 28.
bxa3 bxa3 29. hxg7+ Bxg7 30. Rxh7+ Kg8 31. Rxg7+ Kh8 1-0

[Event "V Open"]
[Site "Crema ITA"]
[Date "2003.09.06"]
[Round "4"]
[White "Albrizio, Mauro"]
[Black "Milanesi, Erminio"]
[Result "1/2-1/2"]
[WhiteElo "1455"]
[BlackElo "1528"]
[PlyCount "70"]
[EventDate "2003.09.05"]

1. e4 c5 2. Nf3 Nc6 3. d4 cxd4 4. Nxd4 e6 5. Nc3 a6 6. Be2 Nf6 7. O-O d6 8. Be3
Be7 9. f4 O-O 10. f5 e5 11. Nf3 b5 12. Nd5 Nxe4 13. Nb6 Rb8 14. Nxc8 Rxc8 15.
c4 b4 16. Qd3 Nf6 17. Ng5 h6 18. Ne4 Nxe4 19. Qxe4 Bf6 20. Rad1 Re8 21. Rf3 Nd4
22. Bxd4 exd4 23. Qc2 Qb6 24. Kh1 d5 25. Bd3 dxc4 26. Bxc4 Qc5 27. b3 Kf8 28.
Qd3 a5 29. Qd2 a4 30. Qf2 axb3 31. axb3 Re3 32. Rxe3 dxe3 33. Qf3 Bd4 34. g4
Re8 35. Qb7 Re7 1/2-1/2

[Event "V Open"]
[Site "Crema ITA"]
[Date "2003.09.06"]
[Round "4"]
[White "Bassi, Serena"]
[Black "Potenza, Gaetano"]
[Result "0-1"]
[WhiteElo "1347"]
[BlackElo "1522"]
[PlyCount "110"]
[EventDate "2003.09.05"]

1. e4 c6 2. d4 d5 3. exd5 cxd5 4. Nc3 Nc6 5. Bb5 Bf5 6. Nf3 e6 7. Ne5 Rc8 8.
Bxc6+ bxc6 9. O-O Bd6 10. f4 Nf6 11. Qf3 Bxc2 12. Qg3 O-O 13. Rf2 Bg6 14. Be3
Bb4 15. Raf1 Bxc3 16. f5 Ne4 17. Qf3 Bxf5 18. bxc3 Nxf2 19. Rxf2 Qh4 20. Bf4 f6
21. Bg3 Qe4 22. Nd7 Rfd8 23. Nc5 Qxf3 24. gxf3 g5 25. Re2 Kf7 26. Nb7 Ke7 27.
Nxd8 Rxd8 28. Rb2 h5 29. Rb7+ Rd7 30. Rxd7+ Kxd7 31. h4 a5 32. Kf2 a4 33. a3
Kc8 34. Ke2 Kb7 35. Kd2 Kb6 36. Kc1 c5 37. Kb2 Kb5 38. Bf2 cxd4 39. cxd4 Kc4
40. Ka2 gxh4 41. Bxh4 Kxd4 42. Bxf6+ Ke3 43. Kb2 Kxf3 44. Kc3 Kg4 45. Be5 h4
46. Kd4 Kf3 47. Kc5 Kg2 48. Kb4 Bc2 49. Kc5 h3 50. Kd6 Bf5 51. Kc5 h2 52. Bxh2
Kxh2 53. Kd4 Kg3 54. Ke5 Kf3 55. Kd4 Kf4 0-1

[Event "V Open"]
[Site "Crema ITA"]
[Date "2003.09.06"]
[Round "4"]
[White "Bellani, Alessandro"]
[Black "Insabato, Giovanbattista"]
[Result "0-1"]
[WhiteElo "1810"]
[BlackElo "2122"]
[PlyCount "56"]
[EventDate "2003.09.05"]

1. d4 d5 2. c4 e6 3. Nc3 Nf6 4. Bg5 Be7 5. e3 Nbd7 6. Nf3 O-O 7. Rc1 c6 8. Bd3
Re8 9. O-O Nf8 10. Ne5 N6d7 11. Qh5 Nxe5 12. Bxe7 Nf3+ 13. gxf3 Qxe7 14. f4 b6
15. cxd5 exd5 16. Rc2 Qd6 17. Rfc1 Bd7 18. Ne2 Rac8 19. f5 c5 20. Ba6 Rb8 21.
Kh1 c4 22. Nf4 Bc6 23. Rg1 Nd7 24. f3 Kh8 25. Rcg2 Nf6 26. Qg5 Rg8 27. Ne6 fxe6
28. Qxf6 gxf6 0-1

[Event "V Open"]
[Site "Crema ITA"]
[Date "2003.09.06"]
[Round "4"]
[White "Benedetti, Maurizio"]
[Black "Humel, Andrea"]
[Result "1/2-1/2"]
[WhiteElo "1564"]
[BlackElo "1546"]
[PlyCount "64"]
[EventDate "2003.09.05"]

1. e4 c6 2. d4 d5 3. Nc3 dxe4 4. Nxe4 Nf6 5. Nxf6+ exf6 6. Nf3 Be6 7. Bd3 Bd6
8. c4 O-O 9. Qc2 g6 10. Bh6 Re8 11. O-O-O Qc7 12. g3 Qa5 13. c5 Be7 14. Bc4
Bxc4 15. Qxc4 Nd7 16. Bd2 Qd8 17. Bc3 b5 18. Qd3 a5 19. b4 axb4 20. Bxb4 Rxa2
21. Nd2 Bf8 22. Kb1 Qa8 23. Qc3 Bh6 24. f4 f5 25. Rhe1 Rxe1 26. Rxe1 Nf6 27.
Nf3 Nd5 28. Qb3 Nxb4 29. Qxb4 Ra1+ 30. Kc2 Ra2+ 31. Kd3 Ra4 32. Qb1 Ra3+
1/2-1/2

[Event "V Open"]
[Site "Crema ITA"]
[Date "2003.09.06"]
[Round "4"]
[White "Bignami, Venanzio"]
[Black "Distratis, Gianluca"]
[Result "0-1"]
[WhiteElo "1564"]
[BlackElo "1678"]
[PlyCount "120"]
[EventDate "2003.09.05"]

1. e4 d5 2. exd5 Nf6 3. Bc4 Nxd5 4. d3 g6 5. Nf3 Bg7 6. O-O O-O 7. Re1 Nb6 8.
Bb3 Nc6 9. c3 e5 10. Bg5 Qd6 11. h3 Bf5 12. Re3 Nd7 13. Nh4 Be6 14. Bxe6 Qxe6
15. d4 h6 16. Bf4 g5 17. d5 Qf6 18. Bh2 gxh4 19. dxc6 Qxc6 20. Qg4 Rfe8 21. Nd2
Rad8 22. Qxh4 Nc5 23. Nc4 Nd3 24. Rd1 Nf4 25. Bxf4 Rxd1+ 26. Kh2 Qxc4 27. Qg4
Rdd8 28. Rg3 Kf8 29. Qxg7+ Ke7 30. Qxe5+ Kd7 31. Qf5+ Qe6 32. Qb5+ Kc8 33. Qa5
Qb6 34. Qf5+ Rd7 35. Rd3 Red8 36. Rd4 Qxb2 37. Rc4 Kb8 38. Bxc7+ Rxc7 39. Qe5
Qb6 40. Rd4 Rxd4 41. cxd4 Qe6 42. Qh8+ Rc8 43. Qg7 Rd8 44. f4 a6 45. Qe5+ Qxe5
46. dxe5 Rd2 47. h4 Kc7 48. Kh3 Kd7 49. g3 Ke6 50. Kg4 Rd3 51. a4 b5 52. axb5
axb5 53. f5+ Kxe5 54. f6 b4 55. Kh5 Rxg3 56. Kxh6 Kxf6 57. h5 b3 58. Kh7 b2 59.
h6 b1=Q+ 60. Kh8 Qb8+ 0-1

[Event "V Open"]
[Site "Crema ITA"]
[Date "2003.09.06"]
[Round "4"]
[White "Bocci, Alessandro"]
[Black "Borboni, Paolo"]
[Result "1/2-1/2"]
[WhiteElo "1630"]
[BlackElo "1629"]
[PlyCount "48"]
[EventDate "2003.09.05"]

1. d4 Nf6 2. Nf3 g6 3. c4 d6 4. Nc3 Bg7 5. e4 O-O 6. Be2 e5 7. dxe5 dxe5 8.
Qxd8 Rxd8 9. Bg5 Na6 10. Nd5 Rd6 11. Bxf6 Bxf6 12. O-O-O Kg7 13. Nxf6 Kxf6 14.
Rxd6+ cxd6 15. Rd1 Ke7 16. Nd2 Nc5 17. f3 Bd7 18. Kb1 a5 19. Nf1 Ne6 20. Ne3
Bc6 21. Rc1 Rb8 22. Bf1 Nd4 23. Nc2 Nxc2 24. Rxc2 b6 1/2-1/2

[Event "V Open"]
[Site "Crema ITA"]
[Date "2003.09.06"]
[Round "4"]
[White "Bonade', Massimo"]
[Black "Dallaglio, Giovanni"]
[Result "0-1"]
[WhiteElo "2053"]
[BlackElo "2034"]
[PlyCount "118"]
[EventDate "2003.09.05"]

1. d4 d5 2. c4 e6 3. Nc3 Nf6 4. Bg5 Be7 5. e3 O-O 6. Nf3 h6 7. Bh4 Ne4 8. Bxe7
Qxe7 9. cxd5 Nxc3 10. bxc3 exd5 11. Qb3 Rd8 12. Be2 Nc6 13. O-O b6 14. Rfd1 Bb7
15. Rac1 Rac8 16. Qb1 Na5 17. Qf5 g6 18. Qh3 Kg7 19. Ne5 c5 20. Bd3 Nc6 21. f4
Nxe5 22. fxe5 cxd4 23. exd4 Rc6 24. Rf1 Qg5 25. Qf3 Rc7 26. Rc2 Bc8 27. Rcf2
Be6 28. Qf6+ Qxf6 29. Rxf6 Re8 30. Bb5 Rec8 31. Bd3 Re7 32. Rc1 Rcc7 33. Kf2 a6
34. a4 a5 35. Ke3 Rc8 36. Kd2 g5 37. Rb1 Rb8 38. Rb3 Rc7 39. Bb5 h5 40. Rf1 Kf8
41. Rfb1 Ke7 42. Be2 Bd7 43. Rxb6 Rxb6 44. Rxb6 Bxa4 45. Ra6 Rb7 46. Rxa5 Rb2+
47. Ke3 Bb3 48. Rb5 Rxe2+ 49. Kf3 Bc4 50. Rb7+ Kf8 51. Rb8+ Kg7 52. Rb7 g4+ 53.
Kg3 Bd3 54. Kh4 Bf5 55. Kg3 Be6 56. Rc7 Kg6 57. Rc6 Kg5 58. h4+ gxh3 59. gxh3
Re3+ 0-1

[Event "V Open"]
[Site "Crema ITA"]
[Date "2003.09.06"]
[Round "4"]
[White "Boninsegna, Ferdinando"]
[Black "Giannetta, Paolo"]
[Result "0-1"]
[WhiteElo "1615"]
[BlackElo "1705"]
[PlyCount "50"]
[EventDate "2003.09.05"]

1. e4 d6 2. d4 Nf6 3. Nc3 c6 4. Nf3 g6 5. h3 Bg7 6. Bf4 Qa5 7. Qd2 Nbd7 8. Be2
e5 9. dxe5 dxe5 10. Be3 b5 11. Bd3 O-O 12. Bh6 b4 13. Nb1 c5 14. Bxg7 Kxg7 15.
c3 Bb7 16. cxb4 cxb4 17. Qe2 Nc5 18. Nbd2 Rfd8 19. Nxe5 Nxd3+ 20. Nxd3 Ba6 21.
Nb3 Qg5 22. f4 Qg3+ 23. Qf2 Qxd3 24. Nc5 Qc4 25. f5 Nxe4 0-1

[Event "V Open"]
[Site "Crema ITA"]
[Date "2003.09.06"]
[Round "4"]
[White "Castrogiovanni, Carlo"]
[Black "Bonazzi, Edoardo"]
[Result "1/2-1/2"]
[WhiteElo "2068"]
[BlackElo "2130"]
[PlyCount "81"]
[EventDate "2003.09.05"]

1. Nf3 Nf6 2. c4 c5 3. Nc3 Nc6 4. g3 g6 5. Bg2 Bg7 6. O-O O-O 7. d4 cxd4 8.
Nxd4 Nxd4 9. Qxd4 d6 10. Qd3 a6 11. e4 Be6 12. Bd2 Nd7 13. Qe2 Rc8 14. Nd5 Nc5
15. Rab1 a5 16. Bxa5 Qxa5 17. Nxe7+ Kh8 18. Nxc8 Rxc8 19. b4 Qa6 20. bxc5 Bxc4
21. Qd2 Bxf1 22. Bxf1 Qc6 23. cxd6 Rd8 24. Qd5 Qxd5 25. exd5 Rd7 26. Bh3 f5 27.
Rc1 Be5 28. Rc7 Rxc7 29. dxc7 Bxc7 30. Bf1 Kg7 31. f4 Kf6 32. Kf2 Bb6+ 33. Kf3
Bc5 34. h3 b6 35. g4 h6 36. gxf5 gxf5 37. a4 Bd6 38. Bb5 Bc7 39. Bd7 Bd6 40.
Be6 Bc7 41. Bd7 1/2-1/2

[Event "V Open"]
[Site "Crema ITA"]
[Date "2003.09.06"]
[Round "4"]
[White "Dassisti, Alberto"]
[Black "Di Giuseppe, Giovanni"]
[Result "1/2-1/2"]
[WhiteElo "1807"]
[BlackElo "1500"]
[PlyCount "64"]
[EventDate "2003.09.05"]

1. e4 c5 2. Nc3 e6 3. d3 Nc6 4. g3 d6 5. Bg2 Nge7 6. f4 g6 7. Nf3 Bg7 8. O-O a6
9. a4 O-O 10. Be3 b6 11. Bf2 Bb7 12. Nh4 Rc8 13. Rb1 Nb4 14. Ne2 a5 15. c3 Na6
16. g4 f5 17. gxf5 exf5 18. exf5 Bxg2 19. Kxg2 Nxf5 20. Nxf5 Rxf5 21. d4 g5 22.
Qd3 Qd7 23. Qxa6 gxf4 24. Nxf4 Rxf4 25. Bg3 Qc6+ 26. Kg1 Ra8 27. Qc4+ d5 28.
Qb5 Qxb5 29. axb5 Rxf1+ 30. Kxf1 cxd4 31. Bc7 Rf8+ 32. Ke2 Rf6 1/2-1/2

[Event "V Open"]
[Site "Crema ITA"]
[Date "2003.09.06"]
[Round "4"]
[White "Dordoni, Dario"]
[Black "Maddaloni, Giovanni"]
[Result "1-0"]
[WhiteElo "1600"]
[BlackElo "1679"]
[PlyCount "110"]
[EventDate "2003.09.05"]

1. Nf3 Nf6 2. d4 g6 3. c4 d6 4. Nc3 Bg7 5. e4 O-O 6. Bg5 h6 7. Bf4 Na6 8. h3 c5
9. d5 Nc7 10. Qd2 Kh7 11. Bd3 Bd7 12. a4 Na6 13. Nh2 Nh5 14. Be3 e5 15. g4 Nf6
16. g5 Ng8 17. gxh6 Bxh6 18. Bxh6 Nxh6 19. Ng4 Qh4 20. O-O-O Nb4 21. Bb1 f5 22.
Nh2 a6 23. Rdg1 f4 24. Nf3 Qf6 25. Ng5+ Kh8 26. h4 Bg4 27. f3 Bh5 28. Qg2 b5
29. axb5 axb5 30. Nxb5 Nf7 31. Rh3 Ra1 32. Nxf7+ Rxf7 33. Qg5 Qxg5 34. hxg5
Nd3+ 35. Kc2 Nb4+ 36. Kd2 Rd7 37. Rhh1 Kg7 38. Rf1 Ra8 39. Kc3 Ra1 40. Bc2 Nxc2
41. Kxc2 Ra8 42. Rh3 Ra4 43. Kb3 Ra8 44. Rc1 Ra6 45. Kc2 Ra8 46. Kb1 Re8 47.
Rc3 Ra8 48. Ra3 Rxa3 49. bxa3 Kf7 50. Kc2 Ke7 51. Kd3 Kd8 52. Ke2 Kc8 53. Rh1
Kb7 54. Rb1 Ka6 55. Nc3 Rb7 1-0

[Event "V Open"]
[Site "Crema ITA"]
[Date "2003.09.06"]
[Round "4"]
[White "Ferrero, Oscar"]
[Black "Casartelli, Fabio"]
[Result "0-1"]
[WhiteElo "1611"]
[BlackElo "1717"]
[PlyCount "118"]
[EventDate "2003.09.05"]

1. e4 e5 2. Bc4 Nf6 3. d3 Nc6 4. Nf3 Be7 5. c3 O-O 6. O-O d6 7. h3 Bd7 8. Bb3
h6 9. Re1 Nh7 10. Nbd2 Ng5 11. Nxg5 Bxg5 12. Nf3 Bxc1 13. Rxc1 Kh8 14. g4 Qf6
15. Kg2 Qg6 16. Nh4 Qg5 17. Nf3 Qf4 18. Qd2 Qf6 19. Qe3 Na5 20. Bc2 c5 21. Rcd1
Rfe8 22. c4 Nc6 23. Ba4 a6 24. Bxc6 Bxc6 25. Nh2 b5 26. b3 b4 27. Nf1 Kh7 28.
Qf3 Qxf3+ 29. Kxf3 g6 30. Ne3 Re6 31. Kg3 Rg8 32. Kh2 a5 33. Rg1 a4 34. g5 axb3
35. axb3 Ra8 36. Rd2 hxg5 37. Rxg5 Ra1 38. Rb2 Re8 39. Rg1 Ra3 40. Nc2 Ra7 41.
Ra1 Rxa1 42. Nxa1 Ra8 43. Nc2 Bd7 44. Kg3 f5 45. f3 f4+ 46. Kh2 Kg7 47. Ne1 Kf6
48. Kg2 Ra1 49. Kf2 Bxh3 50. Ke2 g5 51. Kf2 g4 52. fxg4 Bxg4 53. Nc2 Rh1 54.
Kg2 Rd1 55. Kf2 Rxd3 56. Ke1 Rh3 57. Kd2 Rh2+ 58. Kc1 Rh1+ 59. Kd2 Rd1# 0-1

[Event "V Open"]
[Site "Crema ITA"]
[Date "2003.09.06"]
[Round "4"]
[White "Ficco, Corrado"]
[Black "Panizzi, Giuseppe"]
[Result "1-0"]
[WhiteElo "2098"]
[BlackElo "1844"]
[PlyCount "49"]
[EventDate "2003.09.05"]

1. d4 Nf6 2. c4 c5 3. Nf3 g6 4. Nc3 cxd4 5. Nxd4 Nc6 6. e4 d6 7. Be2 Nxd4 8.
Qxd4 Bg7 9. Be3 O-O 10. Qd2 Be6 11. Bh6 Rc8 12. Bxg7 Kxg7 13. b3 a6 14. O-O Bd7
15. f4 Qb6+ 16. Kh1 Qc5 17. Rac1 Bc6 18. Bf3 e6 19. Nd5 exd5 20. cxd5 Qa3 21.
dxc6 bxc6 22. e5 Nd5 23. f5 dxe5 24. Bxd5 cxd5 25. f6+ 1-0

[Event "V Open"]
[Site "Crema ITA"]
[Date "2003.09.06"]
[Round "4"]
[White "Frova, Martino"]
[Black "Zanotti, Luca"]
[Result "1-0"]
[WhiteElo "1600"]
[BlackElo "1600"]
[PlyCount "81"]
[EventDate "2003.09.05"]

1. e4 e5 2. Nf3 d6 3. Bc4 h6 4. Nc3 a6 5. d4 exd4 6. Nxd4 Nf6 7. O-O Bd7 8. Re1
c5 9. e5 dxe5 10. Rxe5+ Be7 11. Nf3 O-O 12. Nd5 Bd6 13. Re1 Nc6 14. a3 Bg4 15.
Qd3 Bxf3 16. Qxf3 Ne5 17. Nxf6+ Qxf6 18. Qxf6 gxf6 19. Bd5 Rab8 20. Bxh6 Rfe8
21. Rad1 Bf8 22. Bxf8 Kxf8 23. f4 Nc6 24. Rxe8+ Rxe8 25. Bxc6 bxc6 26. Kf2 Kg7
27. Rd6 Rc8 28. b3 f5 29. h3 Rc7 30. Kf3 f6 31. g4 Kg6 32. h4 fxg4+ 33. Kxg4
Kg7 34. Kf5 Kh6 35. Rxf6+ Kh5 36. Re6 Kxh4 37. Kg6 Kg4 38. f5 Rc8 39. f6 Rg8+
40. Kh7 Kf5 41. Re7 1-0

[Event "V Open"]
[Site "Crema ITA"]
[Date "2003.09.06"]
[Round "4"]
[White "Garofalo, Sergio"]
[Black "Mussap, Angelo"]
[Result "0-1"]
[WhiteElo "1657"]
[BlackElo "1831"]
[PlyCount "71"]
[EventDate "2003.09.05"]

1. d4 Nf6 2. Nf3 d5 3. Nbd2 c6 4. b3 g6 5. g3 Bg7 6. Bg2 O-O 7. O-O Na6 8. Bb2
Bg4 9. Ne5 Be6 10. a3 Nd7 11. f4 f6 12. Nef3 Nc7 13. Nh4 f5 14. Nhf3 h6 15. Ne5
Kh7 16. e3 Ne8 17. h4 Nef6 18. Bf3 Ne4 19. Kg2 Ndf6 20. h5 gxh5 21. Bxh5 Nxh5
22. Qxh5 Qe8 23. Qxe8 Raxe8 24. Ndf3 Rg8 25. Ng5+ hxg5 26. Rh1+ Bh6 27. Rxh6+
Kxh6 28. Rh1+ Kg7 29. fxg5 Nxg5 30. Nd3 Rh8 31. Rf1 Bc8 32. c4 a6 33. a4 Rh7
34. Nf2 Reh8 35. g4 Rh2+ 36. Kg3 0-1

[Event "V Open"]
[Site "Crema ITA"]
[Date "2003.09.06"]
[Round "4"]
[White "Gilardone, Adriano"]
[Black "Ferrari, Claudio"]
[Result "1-0"]
[WhiteElo "1837"]
[BlackElo "1630"]
[PlyCount "79"]
[EventDate "2003.09.05"]

1. e4 e5 2. Nf3 Nc6 3. d4 exd4 4. Bc4 Bc5 5. O-O d6 6. c3 d3 7. b4 Bb6 8. a4 a6
9. a5 Ba7 10. Qb3 Qf6 11. Bxd3 Nge7 12. Bg5 Qg6 13. Nbd2 h6 14. Bh4 O-O 15. Qc2
Re8 16. Rfe1 Ne5 17. Bf1 N7c6 18. Bg3 Nxf3+ 19. Nxf3 Ne5 20. Nd4 h5 21. Kh1
Bxd4 22. cxd4 Nc6 23. d5 Nxb4 24. Qxc7 Rxe4 25. Qxd6 Qxd6 26. Bxd6 Rxe1 27.
Rxe1 Nxd5 28. Re8+ Kh7 29. Bd3+ g6 30. Bc4 Nf6 31. Rf8 Be6 32. Rxa8 Bxc4 33.
Be5 Kg7 34. Rd8 Be6 35. Rd6 g5 36. Rb6 Kg6 37. Bxf6 Kxf6 38. Rxb7 Bc4 39. Rc7
Bb5 40. Rc5 1-0

[Event "V Open"]
[Site "Crema ITA"]
[Date "2003.09.06"]
[Round "4"]
[White "Marchiano, Nicola"]
[Black "Cattaneo, Dario"]
[Result "1-0"]
[WhiteElo "1675"]
[BlackElo "1441"]
[PlyCount "49"]
[EventDate "2003.09.05"]

1. e4 e6 2. d4 d5 3. Nd2 dxe4 4. Nxe4 Qd5 5. Ng3 Bb4+ 6. c3 Ba5 7. Qg4 g6 8.
Nf3 Nf6 9. Qh4 Nh5 10. Bh6 Nxg3 11. hxg3 c6 12. Bg7 Rg8 13. Qxh7 Rxg7 14. Qxg7
Ke7 15. Bd3 e5 16. Nxe5 Be6 17. Nxg6+ Kd6 18. Qf8+ Kc7 19. Nf4 Qxd4 20. Nxe6+
fxe6 21. Rh7+ Kb6 22. O-O-O Qd5 23. Bf1 Qxa2 24. Qd8+ Kc5 25. Qd4# 1-0

[Event "V Open"]
[Site "Crema ITA"]
[Date "2003.09.06"]
[Round "4"]
[White "Massa, Salvenrico"]
[Black "Biava, Pierluigi"]
[Result "1-0"]
[WhiteElo "1723"]
[BlackElo "1612"]
[PlyCount "107"]
[EventDate "2003.09.05"]

1. Nf3 Nf6 2. c4 e6 3. Nc3 b6 4. g3 Bb7 5. Bg2 Be7 6. d3 O-O 7. O-O h6 8. Rb1
c5 9. a3 Na6 10. Nb5 Nc7 11. Nxc7 Qxc7 12. b4 Rad8 13. Bf4 Qc6 14. Be5 d5 15.
Nd2 Nd7 16. cxd5 exd5 17. Ba1 Qc8 18. Qa4 Qa8 19. Rfc1 Bc6 20. Qc2 Rc8 21. Qa2
Rfe8 22. e3 Bf8 23. Bh3 Rc7 24. Qb2 Ne5 25. Bf1 Bd7 26. d4 Ng4 27. dxc5 bxc5
28. bxc5 Bf5 29. Qd4 Bxb1 30. Qxg4 Bg6 31. Bd4 Qc6 32. h4 Qe6 33. Qf4 Rec8 34.
Nb3 Qf5 35. Qxf5 Bxf5 36. Rc3 a5 37. a4 Bd7 38. Bb5 Bxb5 39. axb5 a4 40. b6
axb3 41. bxc7 Rxc7 42. Rxb3 g5 43. hxg5 hxg5 44. Rc3 Bg7 45. Kg2 Bxd4 46. exd4
Kf8 47. Kf3 f5 48. Re3 Re7 49. Rc3 Ke8 50. c6 Kd8 51. Rc5 Kc7 52. Rxd5 Kxc6 53.
Rxf5 Rd7 54. d5+ 1-0

[Event "V Open"]
[Site "Crema ITA"]
[Date "2003.09.06"]
[Round "4"]
[White "Mazzariol, Oscar"]
[Black "Cocozza, Mario"]
[Result "0-1"]
[WhiteElo "2049"]
[BlackElo "2356"]
[PlyCount "88"]
[EventDate "2003.09.05"]

1. d4 Nf6 2. c4 g6 3. Nc3 d5 4. e3 Bg7 5. Qb3 e6 6. Nf3 O-O 7. Bd3 b6 8. cxd5
exd5 9. Ne5 c5 10. Qd1 Bb7 11. O-O Ne4 12. Qc2 Ng5 13. f4 Ne6 14. f5 cxd4 15.
fxe6 Bxe5 16. exf7+ Rxf7 17. Rxf7 Kxf7 18. Ne2 Nc6 19. Bd2 Qd6 20. Rf1+ Kg7 21.
exd4 Nxd4 22. Nxd4 Bxd4+ 23. Kh1 Be5 24. Qc1 d4 25. Bh6+ Kh8 26. Bc4 Bd5 27.
Bxd5 Qxd5 28. Qg5 Re8 29. h4 Qd8 30. Qg4 Bg7 31. Bxg7+ Kxg7 32. h5 Re5 33. h6+
Kxh6 34. Qf4+ Qg5 35. Qxd4 Re2 36. Rf2 Qh5+ 37. Kg1 Re1+ 38. Rf1 Qc5 39. Qxc5
Rxf1+ 40. Kxf1 bxc5 41. Ke2 Kg5 42. Kd3 Kg4 43. Kc4 Kg3 44. Kxc5 Kxg2 0-1

[Event "V Open"]
[Site "Crema ITA"]
[Date "2003.09.06"]
[Round "4"]
[White "Menini, Luca"]
[Black "Elsido, Massimo"]
[Result "1/2-1/2"]
[WhiteElo "1486"]
[BlackElo "1582"]
[PlyCount "79"]
[EventDate "2003.09.05"]

1. d4 Nf6 2. c4 g6 3. Nc3 Bg7 4. e4 d6 5. f3 O-O 6. Be3 Nbd7 7. Bd3 e5 8. d5
Nc5 9. Bc2 a5 10. Nge2 Nh5 11. Qd2 f5 12. exf5 gxf5 13. Bg5 Qe8 14. Bh6 f4 15.
Bxg7 Nxg7 16. Ne4 Nxe4 17. fxe4 Qe7 18. Ng1 Qh4+ 19. Qf2 Qxf2+ 20. Kxf2 Nh5 21.
Nf3 Nf6 22. h3 Nh5 23. b3 Bd7 24. a3 b6 25. Bd1 Ng3 26. Re1 h6 27. Nd2 h5 28.
h4 Kh7 29. Nf1 Nxf1 30. Rxf1 Kh6 31. Bf3 Rg8 32. b4 Ra7 33. Ke2 Bg4 34. Kf2
axb4 35. axb4 Raa8 36. Rxa8 Rxa8 37. Rc1 Ra2+ 38. Kg1 Ra8 39. c5 bxc5 40. bxc5
1/2-1/2

[Event "V Open"]
[Site "Crema ITA"]
[Date "2003.09.06"]
[Round "4"]
[White "Milan, Paolo"]
[Black "Bettini, Massimo"]
[Result "0-1"]
[WhiteElo "1537"]
[BlackElo "1525"]
[PlyCount "102"]
[EventDate "2003.09.05"]

1. c4 g6 2. Nc3 Bg7 3. g3 d6 4. Bg2 Nc6 5. e4 f5 6. Nge2 e5 7. d3 Nh6 8. h4 f4
9. gxf4 Bg4 10. f3 Be6 11. Be3 Rf8 12. Qd2 Qf6 13. f5 gxf5 14. exf5 Nxf5 15.
Bg5 Qg6 16. h5 Qf7 17. O-O-O h6 18. Bh4 Nxh4 19. Rxh4 Bf6 20. Rhh1 Bg5 21. f4
exf4 22. Ne4 f3 23. Nxg5 hxg5 24. Bxf3 Qxf3 25. Rdf1 Qg4 26. Rxf8+ Kxf8 27. h6
Qf3 28. Qd1 Qe3+ 29. Kc2 Ke7 30. a3 Bg4 31. Re1 Nd4+ 32. Kb1 Bxe2 33. Qc1 Qxc1+
34. Kxc1 Kf6 35. Kd2 Nf3+ 36. Kxe2 Nxe1 37. Kxe1 Rh8 38. Kf2 Rxh6 39. Kg3 Kf5
40. a4 g4 41. d4 Rh3+ 42. Kg2 Kf4 43. c5 d5 44. b4 g3 45. Kxh3 Kf3 46. b5 g2
47. Kh4 g1=Q 48. Kh5 Qg4+ 49. Kh6 Kf4 50. a5 Kf5 51. Kh7 Kf6 0-1

[Event "V Open"]
[Site "Crema ITA"]
[Date "2003.09.06"]
[Round "4"]
[White "Murgia, Andrea"]
[Black "Martino, Antonio M."]
[Result "1-0"]
[WhiteElo "2123"]
[BlackElo "1950"]
[PlyCount "69"]
[EventDate "2003.09.05"]

1. e4 c5 2. c3 e6 3. d4 cxd4 4. cxd4 Nf6 5. Nc3 d5 6. e5 Nfd7 7. Nf3 b6 8. Bg5
f6 9. exf6 Nxf6 10. Ne5 Be7 11. Bb5+ Bd7 12. Bxd7+ Nbxd7 13. Nc6 Qc7 14. Nxe7
Kxe7 15. O-O a6 16. Re1 Kf7 17. Qf3 Rhe8 18. h4 Rac8 19. Bf4 Qc4 20. Rad1 b5
21. g4 b4 22. Na4 Qxa2 23. Ra1 Qc4 24. g5 Ne4 25. b3 Qb5 26. Qh5+ Kg8 27. f3
Nc3 28. Kf2 Qd3 29. Nxc3 Qxd4+ 30. Kg3 bxc3 31. Rxa6 e5 32. Be3 Qd3 33. Ra7 Qf5
34. Rea1 Nf6 35. Qxh7+ 1-0

[Event "V Open"]
[Site "Crema ITA"]
[Date "2003.09.06"]
[Round "4"]
[White "Pancioni, Marco"]
[Black "Festa, Samuele"]
[Result "0-1"]
[WhiteElo "1597"]
[BlackElo "1741"]
[PlyCount "40"]
[EventDate "2003.09.05"]

1. d4 f5 2. c4 Nf6 3. Nc3 g6 4. Nf3 Bg7 5. e3 O-O 6. b3 d6 7. Bb2 c6 8. Rc1 Qc7
9. Bd3 Na6 10. a3 e5 11. dxe5 dxe5 12. e4 Nc5 13. Qc2 fxe4 14. Nxe4 Nfxe4 15.
Bxe4 Nxe4 16. O-O Bf5 17. g4 Bxg4 18. Qxe4 Bxf3 19. Qh4 Rf4 20. Qg3 Rg4 0-1

[Event "V Open"]
[Site "Crema ITA"]
[Date "2003.09.06"]
[Round "4"]
[White "Pezzotta, Gianni"]
[Black "Scotti, Luigi"]
[Result "0-1"]
[WhiteElo "1299"]
[BlackElo "1507"]
[PlyCount "68"]
[EventDate "2003.09.05"]

1. Nf3 c5 2. c4 Nf6 3. d3 Nc6 4. b3 d6 5. Bb2 g6 6. g3 Bg7 7. Bg2 O-O 8. O-O
Bd7 9. h3 Qc8 10. Kh2 e5 11. Nc3 Nd4 12. Nxd4 exd4 13. Nb1 Bc6 14. Bxc6 Qxc6
15. Nd2 Rfe8 16. Nf3 h6 17. Bc1 d5 18. Rb1 Qe6 19. Rb2 Re7 20. Kg2 Rae8 21. Re1
Qc6 22. Rc2 dxc4 23. Rxc4 b5 24. Rc2 Qb6 25. Ba3 b4 26. Bc1 Nd5 27. Bd2 Nc3 28.
Bxc3 bxc3 29. Qc1 g5 30. Qd1 Qc6 31. g4 Qd5 32. Qc1 f5 33. gxf5 Qxf5 34. Nh2 h5
0-1

[Event "V Open"]
[Site "Crema ITA"]
[Date "2003.09.06"]
[Round "4"]
[White "Raffaldi, Fabrizio"]
[Black "Reduzzi, Maurizio"]
[Result "0-1"]
[WhiteElo "1606"]
[BlackElo "1749"]
[PlyCount "48"]
[EventDate "2003.09.05"]

1. e4 c5 2. Nf3 e6 3. d4 cxd4 4. Nxd4 Nc6 5. Nxc6 bxc6 6. Bd3 d5 7. c4 Bb4+ 8.
Bd2 Bxd2+ 9. Qxd2 d4 10. c5 e5 11. Na3 Be6 12. O-O Rb8 13. Nc4 Bxc4 14. Bxc4
Qe7 15. b4 Nf6 16. Bd3 O-O 17. Rfc1 Nd7 18. Qc2 Rxb4 19. a3 Rb7 20. Ba6 Rbb8
21. f3 Qg5 22. Re1 h5 23. Rac1 g6 24. Qa4 Rb2 0-1

[Event "V Open"]
[Site "Crema ITA"]
[Date "2003.09.06"]
[Round "4"]
[White "Romano, Zeno"]
[Black "Donnoli, Giorgio"]
[Result "1-0"]
[WhiteElo "1500"]
[BlackElo "1485"]
[PlyCount "41"]
[EventDate "2003.09.05"]

1. e4 e5 2. Nf3 Nf6 3. Nc3 d6 4. Bc4 Bg4 5. d4 Be7 6. dxe5 Bxf3 7. Qxf3 dxe5 8.
Nd5 O-O 9. O-O Nxd5 10. Bxd5 c6 11. Bc4 Nd7 12. Be3 Bg5 13. Rad1 Bxe3 14. Qxe3
Qe7 15. Qd3 Rfd8 16. Qd6 Qe8 17. Qc7 Nb6 18. Rxd8 Rxd8 19. Bxf7+ Qxf7 20. Qxd8+
Qf8 21. Rd1 1-0